000 00534nam a2200181Ia 4500
003 OSt
005 20250813145521.0
008 210210b1947 xxu||||| |||| 00| 0 eng d
040 _cAL
041 _akan
082 _a858/164
100 _aLINGANNAYYA (O M)
_9147031
_dಲಿಂಗಣ್ಣಯ್ಯ (ಓ ಎಂ)
245 _aVairagyanidhi Akkamahadevi:
_bವೈರಾಗ್ಯನಿಧಿ ಅಕ್ಕಮಹಾದೇವಿ
260 _aBengaluru
_b-
_c1947
690 _aBiography
_9147032
906 _a020707
942 _2ddc
_cBK
999 _c144861
_d144861